=LDR 00000nam 2200000 4500 =001 INLIS000000000007447 =005 20130612095438 =008 ***********************************Ind** =035 ##$$0010-061300000007447 =041 ##$$a Ind =082 ##$$a 510.7 =090 ##$$a 510.7, Suc m =100 ##$$a SUCIPTO, R. Hendro =245 ##$$a Matematika untuk SMEA klas I, R. Hendro Sucipto. -- =260 ##$$a 1992 $b Jakarta =300 ##$$a vii, 84 hlm, 24 cm =650 ##$$a Matematika